| Поле | Инд. | ПП | Название | Значение |
|---|---|---|---|---|
| Тип записи | a | |||
| Библиографический уровень | m | |||
| 001 | Контрольный номер | 14434c76-1034-4ece-8e34-44f7a2018db9 | ||
| 005 | Дата корректировки | 20140703142720.9 | ||
| 008 | Кодируемые данные | 060203 | ||
| 020 | a | ISBN | 5-484-00049-1 | |
| c | Цена, тираж | 190.00 | ||
| 040 | a | Служба первич. каталог. | НБ ТвГУ | |
| 041 | a | Код языка текста | rus | |
| 080 | a | Индекс УДК | 534 | |
| 084 | a | Индекс другой классификации/Индекс ББК | В213.305 | |
| 090 | x | Авторский знак | К12 | |
| a | Полочн. индекс | В213.3 | ||
| 100 | 1_ | a | Автор | Кабисов Казбек Сардионович |
| 245 | 10 | a | Заглавие | Колебания и волновые процессы |
| b | Продолж. заглавия | теория, задачи с решениями : [крат. теорет. курс] | ||
| c | Ответственность | К. С. Кабисов, Т. Ф. Камалов, В. А. Лурье | ||
| 260 | 0_ | a | Место издания | Москва |
| b | Издательство | URSS | ||
| c | Дата издания | 2005 | ||
| 300 | a | Объем | 356, [1] с. | |
| b | Иллюстрации/ тип воспроизводства | ил. | ||
| 500 | a | Примечание | На обл. в продолж. загл. также: 119 задач с подроб. решениями | |
| 504 | a | Библиография | Библиогр.: с. 357. | |
| 583 | a | Действие | Получение впервые 34 31.01.2006 | |
| k | Исполнитель действия | Дар ООО"Книжный мир" | ||
| 650 | a | Основная рубрика | Колебания | |
| 650 | a | Основная рубрика | Волны | |
| 650 | a | Основная рубрика | Механические колебания и волны | |
| x | Основная подрубрика | Теория | ||
| x | Основная подрубрика | Задачи | ||
| 653 | a | Ключевые слова | Колебания | |
| a | Ключевые слова | Волны | ||
| a | Ключевые слова | Механические колебания | ||
| a | Ключевые слова | Механические волны | ||
| 700 | 1_ | a | Другие авторы | Камалов Тимур Фянович |
| e | Роль лиц | авт. | ||
| 700 | 1_ | a | Другие авторы | Лурье Владимир Александрович |
| e | Роль лиц | авт. | ||
| 852 | t | Порядковый номер экземпляра | 1 | |
| p | Инвентарный номер | 833631 | ||
| 863 | t | 00113050 | ||
| 888 | a | Бесплатные | ||
| 952 | p | 34.2006 190.00 1 833631 | ||
| c | Вид литературы | К рн | ||
| 954 | a | Дата поступления на обработку | 20060320 | |
| 999 | a | Подразделение 2 | Фил3 |